000
00332nam a2200145Ia 4500
008
191201s2006 xx 000 0 und d
082
_a
658.8
_b
KOP
100
_a
Kotler, P
245
0
_a
Principle of Marketing
250
_a
11th
260
_a
N.Delhi
_b
Prentice Hall
_c
2006
300
_a
1-20
650
_a
MBA
942
_2
ddc
_c
BK
_0
1
999
_c
2660
_d
2660